The amazing Christmas extravaganza / (Record no. 3246)

MARC details
000 -LEADER
fixed length control field 00922cam a2200265 a 4500
005 - DATE AND TIME OF LATEST TRANSACTION
control field 20240221154543.0
020 ## - INTERNATIONAL STANDARD BOOK NUMBER
International Standard Book Number 078073005994
040 ## - CATALOGING SOURCE
Original cataloging agency DLC
Transcribing agency DLC
Modifying agency DLC
Language of cataloging eng
050 00 - LIBRARY OF CONGRESS CALL NUMBER
Classification number PZ7.S52865
082 00 - DEWEY DECIMAL CLASSIFICATION NUMBER
Classification number 543
100 1# - MAIN ENTRY--PERSONAL NAME
Personal name Shannon, David
Dates associated with a name 1959-
245 14 - TITLE STATEMENT
Title The amazing Christmas extravaganza /
Statement of responsibility, etc. by Shannon, David
250 ## - EDITION STATEMENT
Edition statement First Bookshelf edition, October 2004
260 ## - PUBLICATION, DISTRIBUTION, ETC.
Place of publication, distribution, etc. New York :
Name of publisher, distributor, etc. Scholastic ,
Date of publication, distribution, etc. 1995
300 ## - PHYSICAL DESCRIPTION
Extent 32 unnumbered pages :
Other physical details color illustration ;
Dimensions 26 cm .
505 ## - FORMATTED CONTENTS NOTE
Formatted contents note R <br/>
520 ## - SUMMARY, ETC.
Summary, etc. Much to the dismay of his neighbors and family, Mr. Merriweather's Christmas display grows from a simple string of white lights into an outrageous spectacle.
521 ## - TARGET AUDIENCE NOTE
Target audience note 700 <br/>
Source Lexile <br/>
521 ## - TARGET AUDIENCE NOTE
Target audience note R <br/>
Source Raz-Plus <br/>
650 #1 - SUBJECT ADDED ENTRY--TOPICAL TERM
Topical term or geographic name entry element Christmas decorations
General subdivision Fiction
650 #1 - SUBJECT ADDED ENTRY--TOPICAL TERM
Topical term or geographic name entry element Christmas
General subdivision Fiction
906 ## - LOCAL DATA ELEMENT F, LDF (RLIN)
a 7
b cbc
c orignew
d 1
e ocip
f 19
g y-gencatlg
942 ## - ADDED ENTRY ELEMENTS (KOHA)
Source of classification or shelving scheme Dewey Decimal Classification
Koha item type Books
Suppress in OPAC No
999 ## -
-- 3246
-- 3246
Holdings
Withdrawn status Lost status Source of classification or shelving scheme Damaged status Not for loan Collection Home library Current library Shelving location Date acquired Total Checkouts Full call number Barcode Date due Date last seen Date last checked out Price effective from Koha item type
    Dewey Decimal Classification     Fiction Footprints International School Library Network Toul Kork Campus Footprints International School Library Network Toul Tom Poung Campus   02/21/2024 1 SHA 543 PZ7.S52865 FISTK00676 04/10/2026 03/27/2026 03/27/2026 02/21/2024 Books